Qui porte quel prénom ? #1 - Statistiques

Statistiques générales
  • Ce quiz a été pris 261 fois
  • Le résultat moyen est 7 sur 10
Statistiques - réponses
Question Réponse % Correct
Qui ne porte pas le prénom Cyril ?
81%
Qui ne porte pas le prénom Christian ?
77%
Qui ne porte pas le prénom Marcel ?
72%
Qui ne porte pas le prénom Lucas ?
70%
Qui ne porte pas le prénom Philippe ?
69%
Qui ne porte pas le prénom Sébastien ?
69%
Qui ne porte pas le prénom Pascal ?
64%
Qui ne porte pas le prénom François ?
62%
Qui ne porte pas le prénom Jean ?
59%
Qui ne porte pas le prénom Antoine ?
58%
Aucun quiz correspondant
Distribution des résultats
% des personnes avec chaque résultat
Percentile par nombre de réponses
Votre historique - résultats
Vous n’avez pas pris ce quiz